Les plus gros transferts du football - Arrières guaches - 2013-2014 - Statistiques

Statistiques générales
  • Ce quiz a été pris 23 fois
  • Le résultat moyen est 3 sur 10
Statistiques - réponses
Montant de transfert (M €) Nationalité Venant de Allant à Joueur % Correct
15,00 France LOSC Lille Paris SG Lucas Digne
83%
4,00 France Le Havre AC Marseille Benjamin Mendy
57%
5,00 Algérie Saint-Étienne SSC Napoli Faouzi Ghoulam
57%
6,50 France G. Bordeaux Dynamo Kyiv Benoît Trémoulinas
52%
4,50 Espagne Deportivo Form. Manchester City U18 Angeliño
22%
6,15 Brésil Grêmio Galatasaray Alex Telles
13%
8,00 Argentine Rubin Kazan Zenit S-Pb Cristian Ansaldi
13%
3,30 Argentine Olympique Lyonnais Catania Calcio Fabián Monzón
9%
5,000 France Toulouse Saint-Étienne Franck Tabanou
9%
4,80 Italie Atalanta BC Juventus Turin Federico Peluso
4%
Aucun quiz correspondant
Distribution des résultats
% des personnes avec chaque résultat
Percentile par nombre de réponses
Votre historique - résultats
Vous n’avez pas pris ce quiz